North American Cities A-Z - Statistics

General Stats
  • This quiz has been taken 43 times
  • The average score is 16 of 26
Answer Stats
Country Pop. City % Correct
N United States 8.1 mil New York City
95%
C United States 2.7 mil Chicago
90%
L United States 3.9 mil Los Angeles
90%
M Mexico 12 mil Mexico City
90%
Q Canada 528 k Quebec City
90%
T Canada 2.6 mil Toronto
90%
B United States 667 k Boston
88%
P United States 1.5 mil Philadelphia
88%
D United States 1.3 mil Dallas
85%
H United States 2.2 mil Houston
85%
O Canada 812 k Ottawa
85%
G Mexico 1.4 mil Guadalajara
83%
V Canada 600 k Vancouver
83%
K Jamaica 937 k Kingston
80%
S Dominican Republic 2.2 mil Santo Domingo
78%
A United States 931 k Austin
73%
W Canada 631 k Winnipeg
68%
R United States 451 k Raleigh
51%
J Mexico 1.3 mil Juarez
44%
F United States 833 k Fort Worth
37%
Y United States 101 k Yuma
24%
X Mexico 424 k Xalapa
10%
E Mexico 1.6 mil Ecatepec
7%
U Mexico 264 k Uruapan
7%
Z Mexico 1.1 mil Zapopan
5%
I Mexico 1.8 mil Iztapalapa
2%
No matching quizzes found
Score Distribution
Percent of People with Each Score
Percentile by Number Answered
Your Score History
You have not taken this quiz